[Event "1/8 Finale"]
[Site "www.chess-mail.com"]
[Date "2019.05.04"]
[Round "1"]
[White "Asoka"]
[Black "Paulsyd"]
[WhiteElo "2730"]
[BlackElo "2710"]
[Result "1/2-1/2"]
[Round "1"]
1.d4 d5
2.Bc1f4 Ng8f6
3.e3 c5
4.Ng1f3 Nb8c6
5.c3 Qd8b6
6.b3 cxd4
7.exd4 Bc8f5
8.Bf1d3 e6
9.Bd3xf5 exf5
10.O-O Bf8e7
11.Qd1d3 Nf6e4
12.Nf3e1 g6
13.Ne1c2 O-O
14.Nb1d2 Be7f6
15.Nd2xe4 fxe4
16.Qd3g3 Nc6e7
17.Nc2e3 Ra8c8
18.Ra1c1 Qb6e6
19.f3 Bf6g7
20.Bf4e5 f6
21.Be5d6 Rc8d8
22.Bd6f4 f5
23.a4 h6
24.h4 Kh7
25.Rc1d1 Bg7f6
26.Rf1f2 Qe6c6
27.Rf2c2 Rd8d7
28.a5 Bf6g7
29.b4 b6
30.axb6 axb6
31.Rd1f1 Qc6e6
32.Rc2a2 Qe6c6
33.fxe4 Qc6xc3
34.exd5 Bg7xd4
35.Kh2 Bd4xe3
36.Qg3xe3 Ne7xd5
37.Qe3xc3 Nd5xc3
38.Ra2c2 Nc3d5
39.Rc2c6 Rf8e8
40.b5 Re8e4
41.Bf4g3 Nd5e3
42.Rf1c1 Re4d4
43.Rc6xb6 Ne3g4
44.Kh3 Rd4d3
45.Rb6c6 Ng4f2
46.Kh2 Nf2g4
47.Kh3 { draw }
1/2-1/2

[Event "Tourn. n10119"]
[Site "www.echecsemail.com"]
[Date "2019.05.05"]
[Round "1"]
[White "Iko"]
[Black "Bojan"]
[WhiteElo "1810"]
[BlackElo "2030"]
[Result "0-1"]
[Round "1"]
1.e4 e5
2.Ng1f3 Nb8c6
3.Bf1b5 a6
4.Bb5xc6 dxc6
5.Nf3xe5 Qd8e7
6.f4 Ng8h6
7.d3 g6
8.O-O f6
9.Ne5f3 Bf8g7
10.f5 O-O
11.Bc1xh6 gxf5
12.Bh6xg7 Qe7xg7
13.exf5 Bc8xf5
14.Nf3d4 Bf5g4
15.Nd4f3 Ra8e8
16.h3 Bg4h5
17.g4 Bh5f7
18.Nf3h4 Bf7e6
19.Nb1c3 f5
20.Rf1f4 fxg4
21.Rf4xf8 Re8xf8
22.Kh2 g3
23.Kg2 Rf8f2
24.Kg1 Be6xh3
25.Qd1h5 Rf2f8
26.Ra1f1 Rf8xf1

0-1

[Event "Tourn. n10125"]
[Site "www.echecsemail.com"]
[Date "2019.05.05"]
[Round "1"]
[White "Bojan"]
[Black "Luban"]
[WhiteElo "2030"]
[BlackElo "2140"]
[Result "1-0"]
[Round "1"]
1.d4 d5
2.Nb1d2 e6
3.a3 c5
4.dxc5 Bf8xc5
5.Ng1f3 Ng8f6
6.h3 Nb8c6
7.Nd2b3 Bc5d6
8.Bc1d2 O-O
9.Bd2c3 e5
10.e3 h6
11.Bf1b5 Rf8e8
12.O-O Bc8d7
13.Nf3h2 Qd8c7
14.Bb5xc6 Bd7xc6
15.Nh2g4 Nf6e4
16.Bc3b4 Bd6xb4
17.axb4 f5
18.Ng4h2 Ne4f6
19.c3 b6
20.f4 Nf6e4
21.Qd1e1 exf4
22.Rf1xf4 Qc7d7
23.Nb3d4 Re8f8
24.Nh2f1 Ra8e8
25.Nf1d2 Ne4xd2
26.Qe1xd2 g5
27.Rf4f2 Bc6b7
28.Ra1xa7 Re8a8
29.Ra7xa8 Bb7xa8
30.Qd2d3 Ba8b7
31.Nd4xf5 Qd7e6
32.Nf5g3 Rf8a8
33.Rf2f1 Ra8a2
34.Qd3d2 Qe6e5
35.Ng3h5 { resign }
1-0

[Event "Match"]
[Site "www.echecsemail.com"]
[Date "2019.05.05"]
[Round "1"]
[White "Cathar"]
[Black "Virgil08bv"]
[WhiteElo "2180"]
[BlackElo "2630"]
[Result "0-1"]
[Round "1"]
1.d4 Ng8f6
2.c4 e6
3.Ng1f3 d5
4.Nb1c3 c6
5.Bc1g5 h6
6.Bg5h4 dxc4
7.e4 g5
8.Bh4g3 b5
9.Bf1e2 Bc8b7
10.O-O Nb8d7
11.Nf3e5 Qd8b6
12.a4 a6
13.d5 cxd5
14.exd5 Ra8d8
15.axb5 axb5
16.Be2h5 Rh8h7
17.Rf1e1 Nd7c5
18.dxe6 Rd8xd1
19.exf7 Ke7
20.Ra1xd1 Nc5e6
21.Bh5g6 Rh7g7
22.Bg6f5 Bb7c8
23.Rd1d5 Qb6a6
24.Rd5xb5 Ne6f4
25.Bf5xc8 Qa6xc8
26.Bg3xf4 gxf4
27.Rb5b8 Qc8xb8
28.Ne5c6 Kxf7
29.Nc6xb8 Kg8
30.Nb8c6 Rg7c7
31.Nc6d4 Rc7b7
32.Re1e6 Bf8g7
33.Nd4b5 Nf6d5
34.Re6e8 Kh7
35.h3 Nd5xc3
36.Nb5xc3 Rb7xb2
37.Re8c8 Bg7xc3
{ resign }
0-1

[Event "Tourn. n10105"]
[Site "www.echecsemail.com"]
[Date "2019.05.05"]
[Round "1"]
[White "Picifarkinca"]
[Black "Jackbauer"]
[WhiteElo "2020"]
[BlackElo "1870"]
[Result "0-1"]
[Round "1"]
1.e4 c5
2.Nb1c3 e6
3.Ng1e2 Nb8c6
4.g3 Ng8e7
5.Bf1g2 e5
6.O-O g6
7.d3 Bf8g7
8.f4 d6
9.Kh1 f5
10.Nc3d5 Ne7xd5
11.exd5 Nc6e7
12.c4 O-O
13.Ne2c3 Bc8d7
14.a4 a6
15.Bc1e3 Qd8b6
16.Qd1d2 Kh8
17.a5 Qb6d8
18.Nc3a4 Bd7xa4
19.Ra1xa4 Qd8d7
{ resign }
0-1

[Event "Tourn. n10090"]
[Site "www.echecsemail.com"]
[Date "2019.05.05"]
[Round "1"]
[White "Cal"]
[Black "Chessdna"]
[WhiteElo "1800"]
[BlackElo "1739"]
[Result "0-1"]
[Round "1"]
1.c4 c5
2.Ng1f3 d5
3.cxd5 b5
4.e4 b4
5.b3 Qd8d6
6.h3 Nb8a6
7.Bf1c4 h6
8.d3 f6
9.Bc1e3 g5
10.g4 h5
11.Nb1d2 hxg4
12.Nf3g1 g3
13.Ng1f3 g4
14.Nf3g1 g2
15.Qd1xg4 gxh1Q
16.O-O-O Bc8xg4
17.f3 Bg4xh3
18.Ng1e2 Qh1xd1
19.Kxd1 Bh3d7
20.f4 Bf8g7
21.Nd2f3 Bd7g4
22.Nf3e1 Rh8h2
23.d4 Bg4xe2
24.Bc4xe2 cxd4
25.Be2b5 Kf7
26.Be3xd4 Qd6xf4
27.Bb5e2 Bg7h6
{ resign }
0-1

[Event "Tourn. n10110"]
[Site "www.echecsemail.com"]
[Date "2019.05.05"]
[Round "1"]
[White "Picifarkinca"]
[Black "Bojan"]
[WhiteElo "2070"]
[BlackElo "2030"]
[Result "0-1"]
[Round "1"]
1.b3 d5
2.f4 c5
3.Bc1b2 Nb8c6
4.Ng1f3 f6
5.d4 e6
6.e3 Bf8d6
7.g3 Ng8e7
8.Bf1g2 cxd4
9.exd4 a5
10.O-O a4
11.Nb1d2 Ne7f5
12.Rf1e1 Qd8b6
13.Nd2f1 h5
14.Nf1e3 Nf5xe3
15.Re1xe3 Kf7
16.Bg2h3 a3
17.Bb2c3 Qb6c7
18.Qd1e1 Rh8e8
19.Ra1d1 Qc7b6
20.Rd1d2 Nc6b4
21.Bc3xb4 Bd6xb4
22.c3 Bb4f8
23.f5 Ra8a6
24.Kh1 Bc8d7
25.Bh3f1 Ra6a7
26.Bf1d3 Qb6c7
27.Nf3e5 fxe5
28.fxe6 Re8xe6
29.Rd2f2 Kg8
30.dxe5 Bf8c5
31.Rf2f5 Bc5xe3
32.Qe1xe3 b6
33.Rf5xh5 Bd7c6
34.Bd3h7 Kf8
{ resign }
0-1

[Event "Tourn. n10117"]
[Site "www.echecsemail.com"]
[Date "2019.05.05"]
[Round "1"]
[White "Sorim"]
[Black "Picifarkinca"]
[WhiteElo "2130"]
[BlackElo "2080"]
[Result "1-0"]
[Round "1"]
1.e4 e5
2.Ng1f3 Nb8c6
3.c3 Ng8f6
4.Qd1c2 d5
5.exd5 Nf6xd5
6.Bf1b5 Bf8d6
7.d4 O-O
8.Bb5xc6 bxc6
9.Nf3xe5 Rf8e8
10.O-O Bd6xe5
11.dxe5 Re8xe5
12.Nb1d2 Bc8f5
13.Qc2d1 { resign }
1-0

[Event "Tourn. n10101"]
[Site "www.echecsemail.com"]
[Date "2019.05.05"]
[Round "1"]
[White "Claudia"]
[Black "Souricette64"]
[WhiteElo "2000"]
[BlackElo "1960"]
[Result "1-0"]
[Round "1"]
1.d4 d5
2.c4 Nb8c6
3.Ng1f3 Bc8g4
4.Nb1c3 e6
5.Bc1g5 Bf8e7
6.Bg5xe7 Ng8xe7
7.e3 O-O
8.cxd5 exd5
9.Bf1e2 h6
10.O-O a6
11.Nc3a4 Ne7g6
12.Na4c5 Ra8b8
13.Ra1c1 Bg4xf3
14.Be2xf3 Nc6e7
15.b4 c6
16.a4 Qd8c8
17.Bf3g4  { time }
1-0

[Event "Tourn. n10092"]
[Site "www.echecsemail.com"]
[Date "2019.05.05"]
[Round "1"]
[White "Cathar"]
[Black "Louis"]
[WhiteElo "2160"]
[BlackElo "2070"]
[Result "0-1"]
[Round "1"]
1.e4 Ng8f6
2.Nb1c3 e5
3.g3 d5
4.exd5 Nf6xd5
5.Bf1g2 Nd5xc3
6.bxc3 Nb8c6
7.Ng1f3 Bf8c5
8.O-O O-O
9.Rf1e1 Bc8g4
10.h3 Bg4h5
11.g4 Bh5g6
12.Nf3xe5 Bc5d6
13.Ne5xc6 bxc6
14.Bg2xc6 Ra8b8
15.Bc6g2 Qd8h4
16.d3 Rb8e8
17.Bc1e3 a5
18.Ra1b1 f5
19.Rb1b5 f4
20.Be3d4 f3
21.Bg2f1 h5
22.Bd4c5 Bd6xc5
23.Rb5xc5 Qh4g3
24.Kh1 Qg3h4
25.gxh5 Qh4xf2
{ resign }
0-1

[Event "Tourn. n10107"]
[Site "www.echecsemail.com"]
[Date "2019.05.05"]
[Round "1"]
[White "Traub"]
[Black "Cal"]
[WhiteElo "1680"]
[BlackElo "1690"]
[Result "0-1"]
[Round "1"]
1.e4 e5
2.f4 exf4
3.Ng1f3 d6
4.Bf1c4 h6
5.h4 Ng8f6
6.d3 a6
7.a4 Bc8g4
8.Bc1xf4 Bf8e7
 { time }
0-1

[Event "Tourn. n10115"]
[Site "www.echecsemail.com"]
[Date "2019.05.05"]
[Round "1"]
[White "Picifarkinca"]
[Black "Bojan"]
[WhiteElo "2040"]
[BlackElo "2040"]
[Result "0-1"]
[Round "1"]
1.Ng1f3 b6
2.b3 Bc8b7
3.Bc1b2 d6
4.g3 Nb8d7
5.Bf1g2 f6
6.O-O e5
7.d3 c5
8.c4 Qd8c7
9.Nb1c3 Ng8e7
10.e3 g6
11.e4 f5
12.Nf3g5 Qc7c8
13.Nc3d5 Bf8g7
14.Ng5e6 Bg7h6
15.Ne6c7 Kf7
16.Nc7xa8 Bb7xa8
17.Nd5xe7 Kxe7
18.exf5 Ba8xg2
19.Kxg2 gxf5
20.Qd1h5 Qc8f8
21.f4 Ke6
22.Ra1e1 Bh6g7
23.fxe5 dxe5
24.d4 cxd4
25.Bb2xd4 Qf8f6
26.Qh5f3 a5
27.Qf3c6 Ke7
28.Qc6c7 Qf6e6
{ resign }
0-1

[Event "Match"]
[Site "www.echecsemail.com"]
[Date "2019.05.05"]
[Round "1"]
[White "Emmanuel69"]
[Black "Jovaras"]
[WhiteElo "2060"]
[BlackElo "2110"]
[Result "1-0"]
[Round "1"]
1.c4 e5
2.Nb1c3 Nb8c6
3.d3 g6
4.g3 Bf8g7
5.Bf1g2 Ng8e7
6.Ng1f3 O-O
7.O-O d6
8.Rf1e1 f5
9.e3  { time }
1-0

[Event "Match"]
[Site "www.echecsemail.com"]
[Date "2019.05.05"]
[Round "1"]
[White "Liencam2"]
[Black "D4minance"]
[WhiteElo "2290"]
[BlackElo "2560"]
[Result "0-1"]
[Round "1"]
1.e4 c5
2.Nb1c3 a6
3.Ng1f3 d6
4.d4 cxd4
5.Nf3xd4 Ng8f6
6.Bc1e3 e6
7.f3 b5
8.g4 h6
9.h4 b4
10.Nc3e2 e5
11.Nd4f5 d5
12.Qd1d2 dxe4
13.Qd2xd8 Kxd8
14.O-O-O Kc7
15.fxe4 g6
16.Nf5g3 Nf6xg4
17.Be3g1 f5
18.exf5 gxf5
19.Bf1g2 Nb8c6
20.Kb1 Bc8e6
21.Ne2c1 Ra8d8
22.Rd1xd8 Nc6xd8
23.Nc1d3 Rh8g8
24.Bg2h3 Be6d5
25.Rh1h2 f4
26.Ng3h5 Ng4f6
{ resign }
0-1

[Event "Tourn. n10093"]
[Site "www.echecsemail.com"]
[Date "2019.05.05"]
[Round "1"]
[White "Odin"]
[Black "Bojan"]
[WhiteElo "1930"]
[BlackElo "2000"]
[Result "0-1"]
[Round "1"]
1.d4 d5
2.e3 a6
3.c4 Bc8e6
4.cxd5 Qd8xd5
5.Qd1c2 Nb8c6
6.Nb1c3 Qd5d7
7.Ng1f3 f6
8.Bf1d3 Nc6b4
9.Qc2d1 Be6g4
10.Bd3e2 Ra8d8
11.h3 Bg4h5
12.Nf3e5 Bh5xe2
13.Ne5xd7 Be2xd1
14.Nd7xf8 Bd1h5
15.Nf8e6 Nb4c2
16.Kd2 Nc2xa1
17.Ne6xg7 Kf7
18.Ng7xh5 c5
19.b3 cxd4
20.Bc1b2 dxc3
21.Kxc3 Rd8c8
22.Kd2 Rc8c2
23.Kd3 Rc2xb2
24.Rh1xa1 Rb2xf2
 { time }
0-1

[Event "Tourn. n10112"]
[Site "www.echecsemail.com"]
[Date "2019.05.05"]
[Round "1"]
[White "Francesco"]
[Black "Picifarkinca"]
[WhiteElo "2100"]
[BlackElo "2070"]
[Result "1-0"]
[Round "1"]
1.e4 e5
2.Nb1c3 Ng8f6
3.Bf1c4 Nb8c6
4.Ng1f3 Bf8c5
5.O-O d6
6.a3 a6
7.d3 O-O
8.Bc1g5 Bc8e6
9.Bc4xe6 fxe6
10.Qd1e2 Nc6d4
11.Nf3xd4 exd4
12.Nc3d1 e5
13.b4 Bc5b6
14.f4 c5
15.Ra1b1 Qd8d7
16.Nd1b2 { resign }
1-0

[Event "Tourn. n10119"]
[Site "www.echecsemail.com"]
[Date "2019.05.05"]
[Round "1"]
[White "Iko"]
[Black "Picifarkinca"]
[WhiteElo "1810"]
[BlackElo "2080"]
[Result "1-0"]
[Round "1"]
1.e4 c5
2.c4 Nb8c6
3.Bf1d3 e5
4.Ng1f3 d6
5.O-O Ng8f6
6.Rf1e1 Bf8e7
7.Re1e3 Bc8g4
8.Nb1c3 Nc6d4
9.Qd1a4 Qd8d7
10.Qa4a5 O-O
11.Nc3b5 Be7d8
12.Qa5a3 Bg4xf3
13.gxf3 Nd4e6
14.b4 Ne6f4
15.h4 { resign }
1-0

[Event "Tourn. n10109"]
[Site "www.echecsemail.com"]
[Date "2019.05.05"]
[Round "1"]
[White "Libiesse"]
[Black "Picifarkinca"]
[WhiteElo "1810"]
[BlackElo "2040"]
[Result "1-0"]
[Round "1"]
1.d4 Ng8f6
2.c4 e5
3.dxe5 Nf6g4
4.Ng1f3 Nb8c6
5.Nb1c3 Bf8c5
6.e3 Bc5b4
7.Qd1c2 Ng4xe5
8.Nf3xe5 Nc6xe5
9.Qc2e4 Bb4xc3
10.bxc3 Qd8e7
11.f4 Ne5c6
12.Qe4xe7 Nc6xe7
13.Bc1a3 d6
14.Ra1b1 b6
15.Bf1d3 O-O
16.Bd3e4 Bc8f5
17.Be4xa8 Bf5xb1
18.Kd2 Bb1xa2
19.Kd3 Rf8xa8
20.Rh1a1 Ba2b3
21.Ra1b1 Bb3a4
22.g3 { resign }
1-0

[Event "Match"]
[Site "www.echecsemail.com"]
[Date "2019.05.06"]
[Round "1"]
[White "Estonia"]
[Black "Cathar"]
[WhiteElo "1970"]
[BlackElo "2180"]
[Result "0-1"]
[Round "1"]
1.e4 c5
2.Ng1f3 d6
3.d4 cxd4
4.Nf3xd4 Ng8f6
5.Nb1c3 a6
6.Bc1g5 Nb8d7
7.Bf1d3 e5
8.Nd4f5 h6
9.Bg5xf6 Nd7xf6
10.Qd1e2 g6
11.Nf5e3 Bc8e6
12.O-O Bf8e7
13.Ne3d5 Be6xd5
14.exd5 O-O
15.Qe2d2 Kg7
16.Nc3e4 Nf6d7
17.Ra1b1 f5
18.Ne4g3 e4
19.Bd3e2 Be7f6
20.c4 a5
21.a3 a4
22.b4 axb3
23.Rb1xb3 Nd7c5
24.Ng3xf5 gxf5
25.Rb3g3 Kh7
26.Rg3h3 Bf6g5
27.Qd2c2 Qd8f6
28.f4 exf3
29.Rh3xf3 Qf6d4
30.Kh1 Qd4e4
31.Qc2xe4 Nc5xe4
32.g3 Kg6
33.Rf1a1 Kf6
34.Rf3b3 Ne4c5
35.Rb3f3 Ke5
36.h4 Bg5d2
37.Ra1a2 Bd2a5
38.Rf3e3 Kf6
39.Be2d1 Ra8e8
40.Re3xe8 Rf8xe8
41.Kg2 Re8e1
42.Bd1h5 Nc5e4
43.Ra2b2 b6
44.g4 f4
45.g5 hxg5
46.hxg5 Kxg5
47.Bh5f7 Re1d1
48.Bf7e6 Rd1d2
49.Rb2xd2 Ne4xd2
50.a4 Ba5c3
51.Kf2 f3
52.c5 bxc5
53.Kg3 Bc3e5
54.Kf2 Kf4
55.a5 Be5d4
{ resign }
0-1

[Event "Match"]
[Site "www.echecsemail.com"]
[Date "2019.05.06"]
[Round "1"]
[White "Ztornad"]
[Black "Paco"]
[WhiteElo "1910"]
[BlackElo "2010"]
[Result "0-1"]
[Round "1"]
1.Ng1f3 d5
2.d4 Nb8c6
3.Nb1c3 e6
4.Bc1g5 f6
5.Bg5h4 Bf8b4
6.a3 Bb4xc3
7.bxc3 Ng8h6
8.g4 Nh6xg4
9.Qd1d2 Nc6a5
10.e3 Qd8d6
11.Bf1d3 Bc8d7
12.Bh4g3 Qd6c6
13.O-O h5
14.Bd3g6 Ke7
15.Bg6d3 g5
16.h3 h4
17.Bg3h2 Ng4xh2
18.Nf3xh2 e5
19.a4 Bd7xh3
20.Rf1e1 g4
21.Bd3f5 Na5c4
22.Qd2c1 Ra8g8
23.a5 g3
24.Bf5xh3 gxh2
25.Kxh2 e4
26.Re1g1 Qc6d6
27.Kh1 Rg8f8
28.Rg1g7 Rf8f7
29.Rg7g4 f5
30.Rg4g2 f4
31.Qc1e1 fxe3
32.fxe3 Rf7f3
33.Bh3f5 Nc4xe3
34.Rg2f2 Qd6g3
35.Qe1g1 Rf3xf5
36.Rf2xf5 Ne3xf5
37.Qg1h2 Qg3f3
38.Qh2g2 Nf5g3
39.Kg1 Qf3e3
40.Kh2 Rh8g8
41.Ra1b1 b6
42.axb6 cxb6
43.Rb1a1 a5
44.Ra1b1 Rg8g6
45.Rb1g1 Qe3xc3
46.Rg1b1 e3
47.Rb1b3 Qc3xd4
48.Rb3d3 Qd4f4
49.Qg2h3 Ng3f1
50.Kh1 Qf4e4
51.Qh3g2 Qe4xg2

0-1

[Event "Tourn. n10101"]
[Site "www.echecsemail.com"]
[Date "2019.05.06"]
[Round "1"]
[White "Fabos12"]
[Black "Souricette64"]
[WhiteElo "1900"]
[BlackElo "1950"]
[Result "1-0"]
[Round "1"]
1.d4 c5
2.d5 f5
3.Bc1f4 d6
4.e3 Ng8f6
5.h3 g6
6.Ng1f3 Bf8g7
7.Nf3g5 O-O
8.c3 h6
9.Ng5e6 Bc8xe6
10.dxe6 Nb8c6
11.a3 d5
12.g4 fxg4
13.hxg4  { time }
1-0

[Event "Tourn. n10111"]
[Site "www.echecsemail.com"]
[Date "2019.05.06"]
[Round "1"]
[White "Yudoka"]
[Black "Virgil08bv"]
[WhiteElo "2300"]
[BlackElo "2630"]
[Result "0-1"]
[Round "1"]
1.d4 Ng8f6
2.Ng1f3 e6
3.c4 b6
4.a3 Bc8b7
5.Nb1c3 d5
6.Bc1g5 Bf8e7
7.e3 O-O
8.Ra1c1 h6
9.Bg5xf6 Be7xf6
10.cxd5 exd5
11.Bf1d3 c5
12.O-O Nb8a6
13.Nf3e5 cxd4
14.exd4 Bf6xe5
15.dxe5 Na6c5
16.Rf1e1 Rf8e8
17.f4 d4
18.Nc3e4 Bb7xe4
19.Bd3xe4 d3
20.Be4xa8 d2
{ resign }
0-1

[Event "Tourn. n10078"]
[Site "www.echecsemail.com"]
[Date "2019.05.06"]
[Round "1"]
[White "Pdebonis"]
[Black "Seger"]
[WhiteElo "2700"]
[BlackElo "2760"]
[Result "1/2-1/2"]
[Round "1"]
1.d4 d5
2.c4 e6
3.Nb1c3 f5
4.Bc1f4 Ng8f6
5.e3 Bf8b4
6.Bf1d3 Bb4xc3
7.bxc3 O-O
8.Ng1f3 dxc4
9.Bd3xc4 Nb8c6
10.O-O b6
11.Nf3e5 Nc6a5
12.Bc4d3 Bc8b7
13.Bf4g3 c5
14.f3 Ra8c8
15.Ra1c1 cxd4
16.cxd4 Rc8xc1
17.Qd1xc1 Qd8e7
18.a3 Rf8c8
19.Qc1b2 Nf6d7
20.Rf1c1 Rc8xc1
21.Qb2xc1 Nd7xe5
22.Bg3xe5 h5
23.h3 h4
24.Qc1c3 Na5c6
25.Be5h2 Kf7
26.e4 Qe7f6
27.Bh2e5 Nc6xe5
28.dxe5 Qf6g5
29.exf5 exf5
30.Kf1 Kg6
31.Qc3c4 Kh6
32.a4 g6
33.e6 Qg5e7
34.Qc4f4 Kh7
35.Bd3c4 Bb7c6
36.Bc4b3 { draw }
1/2-1/2

[Event "Match"]
[Site "www.echecsemail.com"]
[Date "2019.05.06"]
[Round "1"]
[White "D4minance"]
[Black "Gimmyg"]
[WhiteElo "2389"]
[BlackElo "2520"]
[Result "1-0"]
[Round "1"]
1.d4 a5
2.e4 g6
3.Nb1c3 Bf8g7
4.Bc1e3 d6
5.Qd1d2 Nb8d7
6.f3 e5
7.O-O-O Ng8f6
8.g4 O-O
9.h4 h5
10.dxe5 Nd7xe5
11.Be3g5 Qd8e8
12.Bg5xf6 Bg7xf6
13.gxh5 Bc8e6
14.f4 Ne5g4
15.hxg6 fxg6
16.Ng1h3 Qe8c6
17.f5 Bf6xc3
18.bxc3 Be6xa2
19.Bf1e2 Ng4e5
20.fxg6 Rf8f6
21.Qd2h6 Qc6xc3
22.Qh6h7 Kf8
23.g7 Ke8
24.Rd1d5 Ba2xd5
25.exd5 Qc3a1
26.Kd2 Qa1d4
27.Be2d3 { resign }
1-0

[Event "Match"]
[Site "www.echecsemail.com"]
[Date "2019.05.06"]
[Round "1"]
[White "Pforjan"]
[Black "Fegatux"]
[WhiteElo "2290"]
[BlackElo "2250"]
[Result "0-1"]
[Round "1"]
1.e4 e6
2.d4 a6
3.Ng1f3 b5
4.Bf1d3 Bc8b7
5.O-O c5
6.c3 Ng8f6
7.Rf1e1 Qd8b6
8.Bd3c2 Bf8e7
9.a4 h6
10.axb5 axb5
11.Ra1xa8 Bb7xa8
12.Nb1d2 d6
13.e5 dxe5
14.dxe5 Nf6d7
15.c4 b4
16.Nd2e4 Kf8
17.b3 g6
18.Qd1d2 Kg7
19.Qd2f4 Ba8xe4
20.Bc2xe4 Nb8c6
21.h4 Nc6d4
22.Re1d1 Nd4e2
{ resign }
0-1

[Event "Tourn. n10092"]
[Site "www.echecsemail.com"]
[Date "2019.05.06"]
[Round "1"]
[White "Cathar"]
[Black "Aiko1603"]
[WhiteElo "2160"]
[BlackElo "2130"]
[Result "0-1"]
[Round "1"]
1.e4 c5
2.d3 Nb8c6
3.f4 g6
4.Ng1f3 Bf8g7
5.Bf1e2 d6
6.O-O Qd8b6
7.c3 Ng8f6
8.Kh1 O-O
9.Nb1d2 e6
10.Nd2c4 Qb6c7
11.e5 dxe5
12.fxe5 Nf6g4
13.d4 cxd4
14.cxd4 Ng4h6
15.Bc1xh6 Bg7xh6
16.Nc4d6 a6
17.Qd1d3 Nc6b4
18.Qd3e4 f5
19.Qe4h4 Kg7
20.a3 Nb4d5
21.Nf3g5 Qc7e7
22.Ng5f3 Qe7d7
23.Rf1e1 b5
24.a4 bxa4
25.Be2c4 Bc8b7
26.Bc4xd5 Bb7xd5
27.Ra1a3 Bd5xf3
28.Ra3xf3 g5
29.Qh4h5 g4
30.Rf3c3 Bh6d2
31.Re1c1 Bd2xc3
32.Rc1xc3 Qd7e7
{ resign }
0-1

[Event "Match"]
[Site "www.echecsemail.com"]
[Date "2019.05.06"]
[Round "1"]
[White "Mitja"]
[Black "Bojan"]
[WhiteElo "2020"]
[BlackElo "2040"]
[Result "1-0"]
[Round "1"]
1.d4 d5
2.e3 Bc8d7
3.c3 e6
4.h3 c5
5.dxc5 Bf8xc5
6.Ng1f3 b5
7.b4 Bc5d6
8.Bc1b2 f6
9.a3 a5
10.Nb1d2 axb4
11.axb4 Ra8xa1
12.Qd1xa1 Ng8e7
13.Nf3d4 Qd8b6
14.Bf1e2 e5
15.Nd4b3 Nb8a6
16.O-O O-O
17.Nd2f3 Qb6b7
18.Nb3a5 Qb7b6
19.Qa1a2 Bd7e6
20.Qa2b1 Be6f5
21.Qb1c1 Rf8c8
22.Qc1d2 Ne7g6
23.Qd2xd5 Kf8
24.Rf1d1 Rc8d8
25.Qd5xb5 Qb6xb5
26.Be2xb5 e4
27.Nf3d4 Bf5c8
28.Bb5xa6 Bc8xa6
29.Nd4e6 Ke8
30.Ne6xd8 Kd7
31.Nd8f7 { resign }
1-0

[Event "Tourn. n10103"]
[Site "www.echecsemail.com"]
[Date "2019.05.06"]
[Round "1"]
[White "Seger"]
[Black "Cathar"]
[WhiteElo "2790"]
[BlackElo "2200"]
[Result "1-0"]
[Round "1"]
1.e4 e5
2.d4 exd4
3.Qd1xd4 Nb8c6
4.Qd4d3 Ng8f6
5.Nb1c3 Bf8b4
6.Bc1d2 O-O
7.O-O-O Rf8e8
8.Ng1e2 d6
9.Bd2g5 h6
10.Bg5xf6 Qd8xf6
11.Nc3d5 Qf6d8
12.Nd5xb4 Nc6xb4
13.Qd3d2 Nb4c6
14.f3 Bc8e6
15.Kb1 Qd8f6
16.Ne2c3 Ra8d8
17.f4 d5
18.exd5 Nc6e7
19.Bf1c4 Ne7xd5
20.Nc3xd5 Be6xd5
21.Bc4xd5 c6
22.Bd5xf7 Kxf7
23.Qd2f2 { resign }
1-0

[Event "Tourn. n10058"]
[Site "www.echecsemail.com"]
[Date "2019.05.06"]
[Round "1"]
[White "Senitram"]
[Black "Ejner"]
[WhiteElo "2590"]
[BlackElo "2460"]
[Result "0-1"]
[Round "1"]
1.Ng1f3 d5
2.d4 e6
3.Bc1f4 c5
4.e3 Nb8c6
5.Nb1c3 a6
6.Bf1e2 Ng8f6
7.O-O Bf8e7
8.h3 b5
9.Nc3b1 O-O
10.Nb1d2 cxd4
11.exd4 b4
12.c4 dxc4
13.Nd2xc4 Nf6d5
14.Bf4h2 a5
15.Ra1c1 Bc8a6
 { time }
0-1

[Event "Match"]
[Site "www.echecsemail.com"]
[Date "2019.05.06"]
[Round "1"]
[White "Fantomas"]
[Black "Mitja"]
[WhiteElo "2260"]
[BlackElo "2050"]
[Result "1-0"]
[Round "1"]
1.e4 d5
2.exd5 Qd8xd5
3.Nb1c3 Qd5d8
4.Bf1e2 e6
5.a3 c6
6.d4 h6
7.Ng1f3 Ng8f6
8.O-O b6
9.h3 Bc8b7
10.Bc1e3 Bf8e7
11.Qd1d3 Nf6d5
12.Nc3xd5 cxd5
13.Nf3e5 Nb8d7
14.Qd3b5 a6
15.Qb5xd7 Qd8xd7
16.Ne5xd7 Kxd7
17.f4 f5
18.Be2d3 g5
19.Ra1e1 b5
20.Re1e2 Ra8e8
21.Rf1e1 Be7d6
22.Re2f2 Rh8f8
23.Re1f1 gxf4
24.Be3xf4 Bd6xf4
25.Rf2xf4 Re8e7
26.Kh2 Re7f7
27.g4 Ke7
28.gxf5 exf5
29.Rf4xf5 Rf7xf5
30.Rf1xf5 Rf8xf5
31.Bd3xf5 Bb7c6
32.Kg3 Kf6
33.Kf4 a5
34.b4 a4
35.h4 Bc6e8
36.Bf5d3 Be8c6
37.Kg4 Bc6e8
38.Kf4 Be8c6
39.Bd3f5 Bc6e8
40.Bf5c8 Be8c6
41.Bc8a6 Bc6d7
42.Ba6b7 Ke6
43.Kg4 Bd7e8
44.c3 Be8g6
45.Bb7c6 Bg6d3
46.Kh5 Kf5
47.Bc6xd5 { resign }
1-0

[Event "Tourn. n10127"]
[Site "www.echecsemail.com"]
[Date "2019.05.06"]
[Round "1"]
[White "Bojan"]
[Black "Fantomas"]
[WhiteElo "2060"]
[BlackElo "2200"]
[Result "0-1"]
[Round "1"]
1.e4 c6
2.d4 d5
3.exd5 cxd5
4.c4 dxc4
5.Bf1xc4 e6
6.Ng1f3 Ng8f6
7.Nf3e5 Bf8b4
8.Nb1c3 O-O
9.O-O a6
10.a3 Bb4e7
11.Qd1f3 Qd8c7
12.Bc4d3 Nb8d7
13.Bc1f4 Qc7b6
14.Ne5xd7 Bc8xd7
15.Nc3e4 Bd7c6
16.Qf3e2 Qb6xd4
17.Ne4xf6 Be7xf6
18.Ra1b1 Qd4xf4
19.f3 Qf4g5
20.Rf1d1 Ra8d8
21.Rd1d2 Rd8d4
22.Rb1d1 Rf8d8
23.Qe2f2 Rd4d7
24.Qf2f1 Bc6a4
25.f4 Qg5c5
26.Kh1 Ba4xd1
27.Qf1xd1 Qc5e3
28.Bd3xh7 Kxh7
29.Qd1c2 g6
{ resign }
0-1

[Event "Tourn. n10094"]
[Site "www.echecsemail.com"]
[Date "2019.05.06"]
[Round "1"]
[White "Passaroa25"]
[Black "Esperanza"]
[WhiteElo "1710"]
[BlackElo "1850"]
[Result "0-1"]
[Round "1"]
1.Nb1c3 Ng8f6
2.f3 g6
3.e4 d6
4.d3 Bf8g7
5.Ng1e2 O-O
6.Ne2g3 e5
7.Bc1d2 Nb8c6
8.a3 Nc6e7
9.Bf1e2 Nf6e8
10.O-O f5
11.b4 f4
12.Ng3h1 g5
13.Nh1f2 h5
14.Nf2h3 Ne7g6
15.Bd2e1 Bc8e6
16.Nh3f2 Ne8f6
17.Nf2h3 g4
18.Nh3g5 Be6d7
19.Ra1c1 Bg7h6
20.h4 g3
21.Nc3d5 Ng6xh4
22.Ng5h3 Nf6xd5
23.exd5 Qd8c8
24.c4 Bd7xh3
25.Kh1 Bh3xg2
26.Kg1 Qc8h3
{ resign }
0-1

[Event "Tourn. n10093"]
[Site "www.echecsemail.com"]
[Date "2019.05.06"]
[Round "1"]
[White "Souricette64"]
[Black "Eugenius"]
[WhiteElo "1950"]
[BlackElo "1879"]
[Result "0-1"]
[Round "1"]
1.e4 e5
2.Ng1f3 Nb8c6
3.d4 exd4
4.Bf1c4 Ng8f6
5.Nf3g5 d5
6.exd5 Qd8e7
7.Kf1 Nc6e5
8.Qd1xd4 Ne5xc4
9.Qd4xc4 h6
10.Ng5f3 Qe7c5
11.Qc4xc5 Bf8xc5
12.Nb1c3 Bc8f5
13.Bc1e3 Bc5xe3
14.fxe3 Bf5xc2
15.Ra1c1 Bc2g6
16.Nf3e5 O-O-O
17.Ne5xg6 fxg6
18.e4 Rh8e8
19.Rc1e1 c6
20.dxc6 bxc6
 { time }
0-1

[Event "1/16 Finale"]
[Site "www.chess-mail.com"]
[Date "2019.05.06"]
[Round "1"]
[White "Conde7"]
[Black "Szustan"]
[WhiteElo "2770"]
[BlackElo "2570"]
[Result "1-0"]
[Round "1"]
1.a3 e5
2.c4 Ng8f6
3.Nb1c3 d6
4.e3 c6
5.d4 Bc8f5
6.Ng1e2 Bf8e7
7.Ne2g3 Bf5g6
8.f4 h6
9.f5 Bg6h7
10.d5 O-O
11.Bf1e2 Nb8d7
12.O-O Ra8c8
13.Kh1 cxd5
14.cxd5 a6
15.a4 Kh8
16.e4 Nf6g8
17.a5 Be7g5
18.Qd1a4 Bg5xc1
19.Rf1xc1 Nd7c5
20.Qa4a3 Qd8g5
21.b4 Nc5d7
22.Nc3d1 Nd7f6
23.Be2f3 g6
24.fxg6 Bh7xg6
25.Nd1e3 Rc8xc1
26.Qa3xc1 Ng8e7
27.Qc1c7 Rf8e8
28.Ra1e1 h5
29.Qc7xd6 h4
30.Ng3f5 Bg6xf5
31.Qd6xe5 Ne7xd5
32.Qe5xf5 Qg5xf5
33.Ne3xf5 Nd5xb4
34.Nf5d6 Re8e7
35.Kg1 Re7d7
36.Re1b1 Nb4c6
37.Nd6xb7 Nc6e5
38.Rb1b6 Nf6g4
39.Nb7d6 Rd7c7
40.Rb6b1 Ne5xf3
41.gxf3 Ng4e5
42.Rb1b3 Kg7
43.Nd6e8 { resign }
1-0

[Event "Match"]
[Site "www.echecsemail.com"]
[Date "2019.05.07"]
[Round "1"]
[White "Sadalmelik"]
[Black "Bjonil60"]
[WhiteElo "1499"]
[BlackElo "1450"]
[Result "0-1"]
[Round "1"]
1.Ng1f3 Ng8f6
2.c4 c5
3.d4 d6
4.Nb1c3 e6
5.e4 b6
6.d5 e5
7.g3 Qd8e7
8.Bf1g2 { time. }
0-1

[Event "Tourn. n10093"]
[Site "www.echecsemail.com"]
[Date "2019.05.07"]
[Round "1"]
[White "Odin"]
[Black "Eugenius"]
[WhiteElo "1930"]
[BlackElo "1879"]
[Result "0-1"]
[Round "1"]
1.d3 d5
2.Ng1f3 Nb8c6
3.b3 e5
4.Bc1g5 Bf8e7
5.Bg5xe7 Qd8xe7
6.e4 d4
7.Bf1e2 Ng8f6
8.Nb1d2 O-O
9.O-O Nf6e8
10.h3 Ne8d6
11.Rf1e1 Bc8e6
12.Nd2f1 f6
13.Nf3h2 g6
14.Nh2g4 f5
15.exf5 gxf5
16.Ng4h2 Be6d5
17.Be2f3 Bd5xf3
18.Nh2xf3 Qe7g7
19.Nf1g3 Ra8e8
20.Ng3h5 Qg7g6
 { time }
0-1